000 00665nam a2200253 a 4500
001 nice12345678
003 IN_TiNIC
005 20260116012326.0
008 050524s1990 isla grp 000 0 eng
020 _a9694088
_c100
082 0 0 _a500.80297
_bSAU1
100 _aSaud, Muhammad
245 _aScientific Method of Ibn Al-Haytham
260 _aIslamabad
_bInternational Islamic University
_c1990
300 _a76p
500 _aincludes index and biblioraphy
505 2 _aBibliography, Index
650 _aIslam and Science
650 _aScience-Methodology
700 1 _aSaud, Muhammad
902 _bSRS
942 _cBK
999 _c6566
_d6566